| 000 | 01023cam a2200325 i 4500 | ||
|---|---|---|---|
| 003 | EG-ScBUE | ||
| 005 | 20240916094857.0 | ||
| 008 | 150817t2001 maua f 001 0 eng d | ||
| 020 | _a0262582074 (pbk. : alk. paper) | ||
| 020 | _a9780262582070 | ||
| 040 |
_aEG-ScBUE _beng _erda _cEG-ScBUE _dEG-ScBUE |
||
| 082 | 0 | 4 |
_a511.8 _bMAT _222 |
| 245 | 0 | 0 |
_aMathematics for economics / _cMichael Hoy [and four others] |
| 250 | _aSecond edition. | ||
| 264 | 1 |
_aCambridge : _bMIT Press, _c[2001] |
|
| 264 | 4 | _cc2001 | |
| 300 |
_axiv, 1129 pages : _billustrations ; _c23 cm |
||
| 336 |
_2rdacontent _atext _btxt |
||
| 337 |
_aunmediated _2rdamedia _bn |
||
| 338 |
_avolume _bnc _2rdacarrier |
||
| 500 | _aIncludes index. | ||
| 590 | _adoaa mohamed | ||
| 650 | 7 |
_aEconomics, Mathematical. _2BUEsh |
|
| 650 | 7 |
_aEconometrics. _2BUEsh |
|
| 650 | 7 |
_94003 _aEconomics _xMathematical models. _2BUEsh |
|
| 653 |
_bBUSECO _cAugust2015 |
||
| 655 | _vReading book | ||
| 700 | 1 |
_aHoy, Michael, _d1953 Sept. 22- _eauthor. |
|
| 942 |
_2ddc _cBB |
||
| 999 |
_c4958 _d4958 |
||